Digital geometry (Record no. 275)

MARC details
000 -LEADER
Fixed length control field 00528nam a2200193 4500
003 - CONTROL NUMBER IDENTIFIER
Control field SEACOMMC
005 - DATE AND TIME OF LATEST TRANSACTION
Control field 20231026044614.0
008 - FIXED-LENGTH DATA ELEMENTS--GENERAL INFORMATION
Fixed length control field 231026b |||||||| |||| 00| 0 eng d
020 ## - INTERNATIONAL STANDARD BOOK NUMBER / ISBN
Price Rs. 595.00
040 ## - CATALOGING SOURCE
Original cataloging agency SEACOMMC
082 ## - DEWEY DECIMAL CLASSIFICATION NUMBER
Book Number KLE
100 1# - MAIN ENTRY--PERSONAL NAME
Personal name Klette, Reinhard
245 1# - TITLE STATEMENT
Title Digital geometry
Sub title geometry methods for digital picture analysis
Statement of responsibility Reinhard Klette and Azriel Rosenfeld
260 ## - IMPRINT
Place of publication New Delhi
Name of publisher Elsevier
Date of publication 2005
650 ## - SUBJECT ADDED ENTRY--TOPICAL TERM
Topical term Mathematics
650 ## - SUBJECT ADDED ENTRY--TOPICAL TERM
Topical term Geometry
700 1# - ADDED ENTRY--PERSONAL NAME
Personal name Rosenfeld, Azriel
942 ## - ADDED ENTRY ELEMENTS (KOHA)
Koha item type Books
Holdings
Withdrawn status Lost status Source of classification Damaged status Not for loan Home library Current library Date acquired Total Checkouts Call number Accession number Date last seen Price effective from Koha item type
    Dewey Decimal Classification     SEACOM MANAGEMENT COLLEGE SEACOM MANAGEMENT COLLEGE 07/09/2006   KLE 05446 26/10/2023 26/10/2023 Books
    Dewey Decimal Classification     SEACOM MANAGEMENT COLLEGE SEACOM MANAGEMENT COLLEGE 07/09/2006   KLE 05447 26/10/2023 26/10/2023 Books
© Seacom Engineering College, All rights reserved.    Powered by Koha